000 01568cam a22004097a 4500
003 CHAP
005 20220817043902.0
008 010920s2001 mx r 00010 spa d
010 _a87072
011 _a88044
035 _a98589
040 _cCHAP
090 _aTesis
100 0 0 _aElizalde Villegas, Adolfo.
_936302
245 1 0 _aFactibilidad técnica y económica de un proyecto de producción de ovinos en el municipio de Huasca de Ocampo, Hidalgo
_c/por Adolfo Elizalde Villegas
260 _aChapingo, Méx. :
_bEl autor,
_c2003.
300 _a95 h.
502 _aTesis (Lic. en Economía Agrícola) -- UACH. División de Ciencias Económico Administrativas
530 _aTambién disponible en línea
590 _aALEPH
_b10
_c20130110
_lUCH01
_h1453
590 _aBATCH-UPD
_b10
_c20130110
_lUCH01
_h0528
590 _aBATCH-UPD
_b10
_c20130410
_lUCH01
_h0208
590 _aBATCH-UPD
_b10
_c20130914
_lUCH01
_h0849
590 _aBATCH-UPD
_b10
_c20140324
_lUCH01
_h1438
590 _aBATCH-UPD
_b10
_c20141002
_lUCH01
_h0817
590 _aCONVERSION
_b10
_c20130109
_lUCH01
_h1348
650 1 4 _aCarne de borrego
_xProducción.
_919122
650 1 4 _aGanado lanar
_xAspectos económicos.
_945157
650 1 4 _aGanado lanar
_xHidalgo.
650 1 4 _aGanado lanar
_xProducción.
_945214
856 _3Finding aid
_uhttp://10.13.5.2/tesis/98589.pdf
_zTeclea aqui
901 _aBK
905 _aAlejandra Carrasco M.
942 _cFOLL
949 _aTesis
_bBC
_cTES
_d33724000889283
_eTS2
_fc.2
_h40784
_i98589
_si
949 _aTesis
_bBC
_cTES
_d985891
_eTS1
_h40783
_i98589
_sb
999 _c87072
_d87072